Barcelona és molt més = Barcelona c'est bien plus
Descripción Física:
1 tríptic : fot. col. ; 21 cm
Materias:
Turisme -- Barcelona (Catalunya)
MARC
| LEADER | 00000nam a2200000Ia 4500 | ||
|---|---|---|---|
| 001 | 23455 | ||
| 008 | 160829s2012 xx 000 0 cat d | ||
| 080 | |a FU-61-37 | ||
| 245 | |a Barcelona és molt més = Barcelona c'est bien plus | ||
| 260 | |a Barcelona : |b Diputació de Barcelona, |c 2012 | ||
| 300 | |a 1 tríptic : |b fot. col. ; |c 21 cm | ||
| 590 | |a Text en català i francès. | ||
| 590 | |a A la coberta: BCN+. | ||
| 590 | |a Hi ha un exemplar en castellà i basc amb R. 23456 | ||
| 650 | 0 | |a Turisme |z Barcelona (Catalunya) |9 48868 | |
| 710 | 1 | |a Barcelona (Catalunya : Província). |b Diputació |9 52408 | |
| 710 | 2 | |a Barcelona és Molt Més |9 51323 |e marca turística | |
| 710 | 2 | |a Barcelone, c'est bien plus |9 51684 |e Marca turística | |
| 901 | |a Arxiu | ||
| 942 | |n 1 |2 udc |c ARXIU | ||
| 952 | |0 0 |1 0 |4 0 |6 FU6137 |7 1 |9 54913 |a Arxiu |b Arxiu |d 2012-07-05 |l 0 |o FU-61-37 |p 23455 |r 2016-12-01 00:00:00 |w 2016-12-01 |y ARXIU | ||
| 999 | |c 58783 |d 58783 | ||